| 000 | 00426nam a22001577a 4500 | ||
|---|---|---|---|
| 003 | NUST - PNEC | ||
| 005 | 20170116181131.0 | ||
| 008 | 151006b xxu||||| |||| 00| 0 eng d | ||
| 020 | _a- | ||
| 040 | _cLIBRARY | ||
| 082 | _a659.132549 EPB | ||
| 245 |
_aYellow pages of pakistan 1998 : Industrial / commercial guide : vol I ~ III _cExport Promotion Bureau |
||
| 250 | _avol I ~ III | ||
| 260 | _cc.1998 | ||
| 942 |
_2ddc _cBK |
||
| 999 |
_c69967 _d69967 |
||